| 000 | 01024nam a2200265 i 4500 | ||
|---|---|---|---|
| 001 | 187651 | ||
| 003 | ES-MaACL | ||
| 005 | 20231215122632.0 | ||
| 008 | 171214s2003 sp |||| | spa d | ||
| 020 | _a84-7800-126-3 | ||
| 080 | _a821.134.2-31"15" | ||
| 245 | 0 | 0 |
_aLibro en que se qüentan los amores de Viraldo y Florindo, aunque en diverso estilo / _cedición de Luis Gómez Canseco y Bernardo Perea Morillo. |
| 250 | _a1ª ed. | ||
| 260 |
_aSalamanca : _bUniversidad de Salamanca, _c2003. |
||
| 300 |
_a278 p. : _bil. ; _c24 cm. |
||
| 490 | 1 |
_aTextos recuperados ; _v22 |
|
| 504 | _aReferencias bibliográficas. Índice de voces, materias y primeros versos. | ||
| 700 | 1 |
_aGómez Canseco, Luis. _9141674 |
|
| 700 | 1 |
_aPerea Morillo, Bernardo. _9163928 |
|
| 830 | 0 |
_aTextos recuperados ; _v22 _9186813 |
|
| 852 |
_aES-MaACL _jA-14149 _9194739 _bR.151297 _cDEPO1 _dOlim: N-7149 _h Donación: Casa de Velázquez |
||
| 914 |
_92477 _aCasa de Velázquez _ednr |
||
| 942 |
_2udc _cMONOGRAFIA |
||
| 999 |
_c187651 _d187651 |
||